000 00739nam a2200289Ia 4500
005 20260324124046.0
008 008 260324s9999 xx 000 0 eng d
020 _a9781315595948
037 _aEBOOK
040 _aCRL
040 _beng
040 _cCRL
041 _2eng
041 _aeng
084 _qCRL
100 _aClaire Drewery
_91172687
245 0 _aModernist Short Fiction by Women
245 4 _bThe Liminal in Katherine Mansfield, Dorothy Richardson, May Sinclair and Virginia Woolf
260 _bTaylor and Francis
260 _c2011
365 _a
365 _b240
856 _uhttp://www.taylorfrancis.com/books/9781315595948
942 _cEBOOK
999 _c1766756
_d1766756